000 00709nam a22002177a 4500
999 _c10359
_d10359
003 AR-CdUCM
008 190401b ||||| |||| 00| 0 spa d
040 _aMUNICIPALIDAD PROVINCIAL DEL CUSCO
_cBIBLIOTECA MUNICIPAL DEL CUSCO
082 _aES / 800 /
_bV47
100 _aVerdaguer, Jacinto
_927157
245 _aLa Atlantida /
260 _aMadrid :
_bAguilar ;
_c1962.
300 _a102 páginas ;
_bIlustraciones
_c23cm
440 _aColección El Globo de Colores
_nIniciación Literaria
_927140
505 _aContenido: Novela
650 _aNovela
_95
650 _aLiteratura infantil
_9588
700 _aBuendia, Felicidad (adaptación del texto)
_927156
942 _2ddc
_cLIBROS
945 _anom